书目信息 |
| 题名: |
基坑钉支护技术规程
|
|
| 作者: | 清华大学土木工程系 主编 | |
| 分册: | ||
| 出版信息: | 1997.12 |
|
| 页数: | ||
| 开本: | ||
| 丛书名: | ||
| 单 册: | ||
| 中图分类: | TU753.8-65 | |
| 科图分类: | ||
| 主题词: | 建筑工程--各种 | |
| 电子资源: | ||
| ISBN: | ||
| 000 | 00559nam0 2200181 45 | |
| 001 | 0009261075 | |
| 005 | 20000926102332.5 | |
| 010 | @d5.00元 | |
| 100 | @a20000926d1997 km y0chiy0120 ea | |
| 101 | 0 | @achi |
| 105 | @a z 000yy | |
| 200 | 1 | @a基坑钉支护技术规程@AJi Keng Ding Zhi Hu Ji Shu GuiCheng@f清华大学土木工程系主编@FQing Hua Da Xue Tu Mu Gong Cheng Xi Zhu Bian |
| 210 | @d1997.12 | |
| 606 | 0 | @a建筑工程@x各种 |
| 690 | @aTU753.8-65@v3 | |
| 701 | 0 | @a清华大学土木工程系@4主编 |
| 801 | @aCN@bPftUser@c20000926 | |
| 905 | @b152963-967@dTU753.8-65@eQ:138@f5 | |
| 基坑钉支护技术规程/清华大学土木工程系主编.-1997.12 |
| ISBN :5.00元 |
| ● |
| 相关链接 |
|
|
|
正题名:基坑钉支护技术规程
索取号:TU753.8-65/Q:138
 
预约/预借
| 序号 | 登录号 | 条形码 | 馆藏地/架位号 | 状态 | 备注 |
| 1 | 152963 | 201529630 | 建筑库201/201建筑库 71排1列3层/ [索取号:TU753.8-65/Q:138] | 在馆 | |
| 2 | 152964 | 201529649 | 建筑库201/201建筑库 71排1列3层/ [索取号:TU753.8-65/Q:138] | 在馆 | |
| 3 | 152965 | 201529658 | 建筑库201/201建筑库 44排3列2层/ [索取号:TU753.8-65/Q:138] | 在馆 | |
| 4 | 152966 | 201529667 | 建筑库201/201建筑库 71排1列3层/ [索取号:TU753.8-65/Q:138] | 在馆 | |
| 5 | 152967 | 201529676 | 建筑库201/201建筑库 71排1列3层/ [索取号:TU753.8-65/Q:138] | 在馆 |